Willekeurige Landen op een Wereldkaart zonder Grenzen - Statistieken

Algemene statistieken
  • Deze quiz is 6.252 keer genomen
  • De gemiddelde score is 19 van 25
Antwoorden op de kaart
Antwoorden kleurgecodeerd door een groen-rode schaal op de quizkaart volgens % correct hieronder.
 
Antwoordstatistieken
Land % Correct
België
99%
Ierland
99%
Mexico
99%
Nederland
99%
Portugal
99%
Spanje
98%
Verenigde Staten
98%
Noorwegen
97%
Denemarken
96%
Frankrijk
96%
Italië
96%
Japan
96%
Verenigd Koninkrijk
96%
Canada
95%
Chili
95%
Duitsland
95%
IJsland
95%
Luxemburg
95%
Rusland
95%
San Marino
95%
Australië
94%
India
94%
Marokko
94%
Polen
94%
Andorra
93%
Argentinië
93%
Brazilië
93%
Finland
93%
Monaco
93%
Zuid-Afrika
93%
Zweden
93%
China
92%
Mongolië
92%
Peru
92%
Zwitserland
91%
Cuba
90%
Egypte
90%
Malta
90%
Noord-Korea
90%
Zuid-Korea
90%
Ecuador
89%
Estland
89%
Indonesië
89%
Litouwen
89%
Madagaskar
89%
Vaticaanstad
89%
Bosnië en Herzegovina
88%
Colombia
88%
Griekenland
88%
Panama
88%
Venezuela
88%
Belarus
87%
Letland
87%
Suriname
87%
Thailand
87%
Bolivia
86%
Nepal
86%
Saoedi-Arabië
86%
Tsjechië
86%
Uruguay
86%
Cyprus
85%
Filipijnen
85%
Somalië
85%
Sri Lanka
85%
Turkije
85%
Algerije
84%
Iran
84%
Israël
84%
Paraguay
84%
Bangladesh
83%
Irak
83%
Kazachstan
83%
Kroatië
83%
Liechtenstein
83%
Pakistan
83%
Roemenië
83%
Slovenië
83%
Vietnam
83%
Oekraïne
82%
Taiwan
82%
Tunesië
82%
Jemen
81%
Oostenrijk
81%
Qatar
81%
Albanië
80%
Bulgarije
80%
Democratische Republiek Congo
80%
Guyana
80%
Nieuw-Zeeland
80%
Libië
79%
Namibië
79%
Noord-Macedonië
79%
Verenigde Arabische Emiraten
79%
Costa Rica
78%
Kosovo
78%
Papoea-Nieuw-Guinea
78%
Bahama's
77%
Cambodja
77%
Lesotho
77%
Mali
77%
Moldavië
77%
Oman
77%
Syrië
77%
Hongarije
76%
Laos
76%
Myanmar
76%
Nigeria
76%
Seychellen
76%
Slowakije
76%
Eswatini
75%
Georgië
75%
Haïti
75%
Jordanië
75%
Dominicaanse Republiek
74%
Kaapverdië
74%
Libanon
74%
Montenegro
74%
Ivoorkust
73%
Jamaica
73%
Koeweit
73%
Maleisië
73%
Soedan
73%
Armenië
72%
Ethiopië
72%
Nicaragua
72%
Servië
72%
Singapore
72%
Azerbeidzjan
71%
El Salvador
71%
Honduras
71%
Maldiven
71%
Mauritius
71%
Republiek Congo
71%
Bahrein
70%
Brunei
70%
Eritrea
70%
Senegal
70%
Afghanistan
69%
Botswana
69%
Djibouti
69%
Micronesia
69%
Tanzania
69%
Ghana
68%
Kenia
68%
Mozambique
68%
Mauritanië
67%
Belize
66%
Fiji
66%
Guatemala
66%
Niger
66%
Oeganda
66%
Tsjaad
66%
Comoren
65%
Gabon
65%
Gambia
65%
Oezbekistan
65%
Togo
65%
Malawi
64%
Oost-Timor
64%
Rwanda
64%
Sao Tome en Principe
64%
Burkina Faso
63%
Centraal-Afrikaanse Republiek
63%
Turkmenistan
63%
Angola
62%
Bhutan
62%
Guinee
62%
Kirgizië
62%
Zuid-Soedan
62%
Burundi
61%
Tadzjikistan
61%
Zimbabwe
61%
Equatoriaal-Guinea
60%
Sierra Leone
60%
Benin
59%
Saint Lucia
59%
Grenada
58%
Kiribati
58%
Liberia
58%
Marshalleilanden
57%
Nauru
57%
Salomonseilanden
57%
Trinidad en Tobago
57%
Zambia
57%
Kameroen
56%
Palau
56%
Saint Kitts en Nevis
56%
Tonga
56%
Tuvalu
56%
Vanuatu
56%
Samoa
54%
Antigua en Barbuda
53%
Guinee-Bissau
53%
Saint Vincent en de Grenadines
53%
Barbados
51%
Dominica
47%
Geen overeenkomende quizzen gevonden
Scoreverdeling
Procent van Mensen met Elke Score
Percentiel versus Aantal Correcte Antwoorden
Uw Scoregeschiedenis
U heeft deze quiz nog niet genomen